| 000 | 00823nam a2200253 a 4500 | ||
|---|---|---|---|
| 001 | adlib96000001 | ||
| 003 | ViArRB | ||
| 005 | 200902210153555.7 | ||
| 008 | 960221s1955 dcuabcdjdbkoqu001 0deng d | ||
| 020 | _a81-7496-303-0 | ||
| 022 | _a | ||
| 040 | _aAdlib | ||
| 082 | _a339.722(035) | ||
| 245 | _aTaxmann's foreign exchange management manual: an authorised publication of reserve bank of India | ||
| 250 | _a | ||
| 260 |
_aNew Delhi _bTaxmann Allied Services _c2001 |
||
| 300 |
_aVarious pagination _c |
||
| 500 | _a Contains CD ROM & 1.44MB floppy disk | ||
| 100 |
_a _e |
||
| 700 |
_a _a |
||
| 942 | _cREF | ||
| 653 |
_aFEMA - Practice manual _aForeign Exchange Management Act - 1999 |
||
| 952 |
_w2010-06-16 _p00048397 _r2010-06-16 _40 _00 _bUL _10 _o339.722(035) TAX _d2010-06-16 _70 _yREF _aUL |
||
| 999 |
_c44539 _d44538 |
||